000 00724nam a2200181Ia 4500
999 _c2727
_d2727
003 DO-SdBJH
005 20180416230833.0
008 180414s9999 dr 000 0 spa d
040 _aDO-SdBJH
_bspa
_cDO-SdBJH
090 _aDM PIEE-7-20 1988
110 _aInstituto de Cooperación para la Seguridad Hemisférica
245 1 0 _aPIEE-7-20-PAM Plan de adiestramiento para la misión de batallón de infantería / Instituto de Cooperación para la Seguridad Hemisférica
260 _aFuerte Benning, Georgia : Cuartel General Secretaría del Ejército, 1988
300 _av, 429 páginas en varias paginaciones
504 _aIncluye Apéndices
650 4 _aAdiestramiento -- Batollón -- Infantería
942 _2ddc
_cBK